| 000 | 00790nam a2200217 a 4500 | ||
|---|---|---|---|
| 005 | 20231124063620.0 | ||
| 008 | 030430s1998 mx r 000 0 spa d | ||
| 020 | _a968863235X | ||
| 035 | _aUPN01000123876 | ||
| 049 | _aCG | ||
| 050 | 4 |
_aF1219.1 S2.6 _bF3.7 |
|
| 100 | 1 |
_aFagetti, Antonella, _d1957- |
|
| 245 | 1 | 0 |
_aTentzonhuehue : _bel simbolismo del cuerpo y la naturaleza / _cAntonella Fagetti. |
| 260 |
_aMéxico : _bBUAP : _bPlaza y Valdés, _c1998. |
||
| 300 |
_a267 p. : _bfotos, mapas |
||
| 440 | 0 |
_aHistoria. _pAntropología |
|
| 650 | 4 |
_aINDIOS DE MEXICO - _zSAN MIGUEL ACUEXCOMAC, PUEBLA - _xHISTORIA |
|
| 650 | 4 |
_aINDIOS DE MEXICO - _zSAN MIGUEL ACUEXCOMAC, PUEBLA - _xVIDA SOCIAL Y COSTUMBRES |
|
| 650 | 4 |
_aIndígenas de México _xReligión y mitología _95903 |
|
| 905 | _aLibro | ||
| 999 |
_c96055 _d96055 |
||